ბათუმის შოთა რუსთაველის სახელმწიფო უნივერსიტეტის ბიბლიოთეკა

პეტერბურგელი ქართველოლოგები დავით ჩუბინაშვილი, ალექსანდრე ცაგარელი / (ბიბ.ჩანაწერი № 50985)

000 -ლიდერი
ფიქსირებული სიგრძის საკონტროლო ველი 01238nam a2200241Ia 4500
001 - საკონტროლო ნომერი
საკონტროლო ველი 17942
003 - საკონტროლო ნომრის იდენტიფიკატორი
საკონტროლო ველი GE_BSU
005 - ბოლო ოპერაციის თარიღი და დრო
საკონტროლო ველი 20200302110034.0
008 - ფიქსირებული სიგრძის მონაცემთა ელემენტები - ზოგადი ინფორმაცია
ფიქსირებული სიგრძის საკონტროლო ველი 181216s1986 xx |||||||||||||| ||geo||
040 ## - კატალოგიზაციის წყარო
Transcribing agency GE_BSU
041 ## - ენის კოდი
Language code of text/sound track or separate title geo
080 ## - უნივერსალური ათობითი კლასიფიკაციის ინდექსი
Universal Decimal Classification number 81(479.22)(092) კ-52
100 ## - მთავარი ჩანაწერი - პიროვნების სახელი
Personal name კინწურაშვილი კ.
9 (RLIN) 7666
245 ## - ცნობა სათაურის შესახებ
Title პეტერბურგელი ქართველოლოგები დავით ჩუბინაშვილი, ალექსანდრე ცაგარელი /
Statement of responsibility, etc კ. კინწურაშვილი ; რედ.მ. ქავთარია.
264 ## - წარმოების, გამოცემის, დისტრიბუციის და სხვა ცნობები
გამოცემის, წარმოების, დისტრიბუციის... ადგილი თბილისი :
გამოცემის, წარმოების, დისტრიბუციის... სახელწოდება განათლება,
გამოცემის, წარმოების, დისტრიბუციის... თარიღი 1986.
300 ## - ფიზიკური აღწერა
Extent 245 გვ. ;
Dimensions 21 სმ.
504 ## - BIBLIOGRAPHY, ETC. NOTE
Bibliography, etc ბიბლიოგრ. ტექსტის შენიშვნ
653 ## - INDEX TERM--UNCONTROLLED
Uncontrolled term პეტერბურგელი ქართველოლოგები დავით ჩუბინაშვილი, ალექსანდრე ცაგარელი
653 ## - INDEX TERM--UNCONTROLLED
Uncontrolled term ქართველი ენათმეცნიერები;
700 ## - ADDED ENTRY--PERSONAL NAME
Personal name ქავთარია, მ.
Relator term რედაქტორი
9 (RLIN) 1179
942 ## - ADDED ENTRY ELEMENTS (KOHA)
Koha item type წიგნი
Source of classification or shelving scheme
ეგზემპლარები
ჩამოწერის სტატუსი დაკარგული ეგზემპლარის სტატუსი კლასიფიკაციის წყარო ან თაროზე გაწყობის სქემა დაზიანების სტატუსი არ გაიცემა მუდმივი მდებარეობა (დაცვის ადგილი) ამჟამინდელი ადგილსამყოფელი თაროზე განთავსების ადგილი შეძენის თარიღი ღირებულება, შესყიდვის ნორმალური ფასი სრული შენახვის შიფრი შტრიხკოდი ბოლო ოპერაციის თარიღი ეგზემპლარის მიმდევრობითი ნომერი (კეტერი?) ფასის ძალაში შესვლის თარიღი ეგზემპლარის სახეობა საჯარო შენიშვნა
          ბათუმის შოთა რუსთაველის სახელმწიფო უნივერსიტეტის მთავარი ბიბლიოთეკა ბათუმის შოთა რუსთაველის სახელმწიფო უნივერსიტეტის მთავარი ბიბლიოთეკა წიგნსაცავი 2018-12-17 1.00 81(479.22)(092) კ-52 45893 2018-12-17 45893 2018-12-17 წიგნი 1.00